[Event "Pinneberg op Seniors 16th"]
[Site "Pinneberg"]
[Date "2015.07.09"]
[Round "2"]
[White "Cassens, Erhard Otto"]
[Black "Riedel, Siegfried"]
[Result "1-0"]
[WhiteElo "1664"]
[BlackElo "1495"]
[PlyCount "49"]
[EventDate "2015.07.02"]
[EventType "swiss"]
[EventRounds "7"]
[EventCountry "GER"]
[SourceTitle "EXT 2017"]
[Source "ChessBase"]
[SourceDate "2016.10.25"]
[SourceVersion "1"]
[SourceVersionDate "2016.10.25"]
[SourceQuality "1"]

1. e4 d6 2. d4 g6 3. Nc3 Bg7 4. Be3 Nd7 5. Qd2 h6 6. 0-0-0 e6 7. f4 Ne7 8. Nf3 a6 9. h4 h5 10. Kb1 b5 11. Bd3 Bb7 12. Ng5 c6 13. Rhf1 Nb6 14. f5 gxf5 15. exf5 Bc8 16. f6 Bh6 17. fxe7 Qc7 18. Nxf7 Bxe3 19. Qxe3 Rg8 20. Ng5 Qxe7 21. Rde1 Rf8 22. Bg6+ Kd8 23. Rxf8+ Qxf8 24. Nxe6+ Bxe6 25. Qxe6 1-0

[Event "Pinneberg op Seniors 16th"]
[Site "Pinneberg"]
[Date "2015.07.02"]
[Round "1"]
[White "Riedel, Siegfried"]
[Black "Van Riesen, Klaus"]
[Result "1-0"]
[WhiteElo "1495"]
[BlackElo "1997"]
[PlyCount "73"]
[EventDate "2015.07.02"]
[EventType "swiss"]
[EventRounds "7"]
[EventCountry "GER"]
[SourceTitle "EXT 2017"]
[Source "ChessBase"]
[SourceDate "2016.10.25"]
[SourceVersion "1"]
[SourceVersionDate "2016.10.25"]
[SourceQuality "1"]

1. Nc3 Nf6 2. e4 d6 3. d4 g6 4. Bg5 Bg7 5. f3 0-0 6. Qd2 Nc6 7. 0-0-0 Re8 8. g4 e5 9. d5 Nd4 10. h4 c6 11. h5 Qc7 12. Bh6 Bh8 13. hxg6 fxg6 14. Be3 a6 15. Qh2 c5 16. Nce2 Nxf3 17. Qg2 Nxg1 18. Ng3 Bxg4 19. Qxg1 Bxd1 20. Kxd1 Qf7 21. Nf5 Bg7 22. Nxd6 Qd7 23. Nxe8 Rxe8 24. Bh3 Qd6 25. Bxc5 Qc7 26. Be6+ Rxe6 27. dxe6 Nxe4 28. Bb4 a5 29. Be1 Qd6+ 30. Kc1 Qxe6 31. Kb1 Qd5 32. b3 Nd6 33. Qh2 e4 34. Qxh7+ Kf7 35. Bc3 Nf5 36. Rf1 e3 37. Qxg7+ 1-0

[Event "Pinneberg op Seniors 15th"]
[Site "Pinneberg"]
[Date "2014.??.??"]
[Round "2"]
[White "Hecht, Horst"]
[Black "Riedel, Siegfried"]
[Result "0-1"]
[WhiteElo "1238"]
[BlackElo "1419"]
[PlyCount "68"]
[EventDate "2014.07.03"]
[EventType "swiss"]
[EventRounds "7"]
[EventCountry "GER"]
[SourceTitle "EXT 2017"]
[Source "ChessBase"]
[SourceDate "2016.10.25"]
[SourceVersion "1"]
[SourceVersionDate "2016.10.25"]
[SourceQuality "1"]

1. d4 Nf6 2. Bg5 Ne4 3. e3 Nxg5 4. Nc3 e6 5. f4 h6 6. fxg5 hxg5 7. Nf3 f6 8. Bd3 Rh6 9. a3 b6 10. Qe2 Bb7 11. 0-0-0 a6 12. e4 d6 13. d5 e5 14. h3 Nd7 15. Nh2 Be7 16. Ng4 Rh8 17. Ne3 g6 18. Rhf1 Nc5 19. Ng4 Bc8 20. Rf2 Nxd3+ 21. Rxd3 Bxg4 22. Qxg4 Qd7 23. Qe2 Rh4 24. g4 0-0-0 25. Na2 Rdh8 26. Rff3 Qb5 27. Nb4 Rxh3 28. Nc6 Kd7 29. Rf2 Rh1+ 30. Kd2 Qxb2 31. Rf1 Rxf1 32. Qxf1 Rh2+ 33. Ke1 Qc1+ 34. Rd1 Qe3+ 0-1

[Event "Pinneberg op Seniors 15th"]
[Site "Pinneberg"]
[Date "2014.??.??"]
[Round "7"]
[White "Riedel, Siegfried"]
[Black "Wendel, Melchior"]
[Result "1-0"]
[WhiteElo "1419"]
[BlackElo "1115"]
[PlyCount "57"]
[EventDate "2014.07.03"]
[EventType "swiss"]
[EventRounds "7"]
[EventCountry "GER"]
[SourceTitle "EXT 2017"]
[Source "ChessBase"]
[SourceDate "2016.10.25"]
[SourceVersion "1"]
[SourceVersionDate "2016.10.25"]
[SourceQuality "1"]

1. Nc3 e5 2. g3 c6 3. Bg2 Nf6 4. e4 Be7 5. d4 d6 6. Nf3 Bg4 7. 0-0 0-0 8. h3 Bh5 9. g4 Bg6 10. Nh4 h6 11. Nf5 Bxf5 12. exf5 Nh7 13. dxe5 dxe5 14. Qe2 Nd7 15. f4 exf4 16. Bxf4 Bc5+ 17. Kh1 Re8 18. Qc4 b5 19. Qb3 Qb6 20. Rad1 Nhf6 21. g5 hxg5 22. Bxg5 Be3 23. Bxf6 Nxf6 24. Rd6 Rac8 25. Rxf6 gxf6 26. Ne4 Bc5 27. Nxf6+ Kg7 28. Nxe8+ Rxe8 29. f6+ 1-0

[Event "Pinneberg op Seniors 14th"]
[Site "Pinneberg"]
[Date "2013.08.01"]
[Round "7"]
[White "Luettig, Hendrik"]
[Black "Riedel, Siegfried"]
[Result "0-1"]
[WhiteElo "1502"]
[BlackElo "1572"]
[PlyCount "64"]
[EventDate "2013.06.20"]
[EventType "swiss"]
[EventRounds "7"]
[EventCountry "GER"]
[SourceTitle "EXT 2017"]
[Source "ChessBase"]
[SourceDate "2016.10.25"]
[SourceVersion "1"]
[SourceVersionDate "2016.10.25"]
[SourceQuality "1"]

1. e4 g6 2. d4 Bg7 3. Nc3 d6 4. Be3 Nd7 5. Nf3 e6 6. Qd2 h6 7. Bd3 Ne7 8. 0-0 a6 9. Rab1 b6 10. b4 Bb7 11. Bc4 Nf6 12. d5 e5 13. h3 g5 14. Nh2 Bc8 15. Be2 Ng6 16. f3 Nf4 17. Bxf4 gxf4 18. Rfc1 Nh5 19. Nf1 Qg5 20. Kh1 Bf6 21. Qe1 Rg8 22. Qf2 Ng3+ 23. Nxg3 fxg3 24. f4 exf4 25. Qf3 Be5 26. Na4 Bd7 27. Nb2 Bd4 28. Nd1 Bxh3 29. Qh5 Qxh5 30. Bxh5 Bg4 31. Bxg4 Rxg4 32. c3 Rh4# 0-1

[Event "Hamburg-ch Seniors 18th"]
[Site "Hamburg"]
[Date "2011.11.02"]
[Round "5"]
[White "Riedel, Siegfried"]
[Black "Juckschat, Paul"]
[Result "0-1"]
[WhiteElo "1683"]
[BlackElo "1908"]
[PlyCount "80"]
[EventDate "2011.10.29"]
[EventType "swiss"]
[EventRounds "9"]
[EventCountry "GER"]
[SourceTitle "EXT 2015"]
[Source "ChessBase"]
[SourceDate "2014.11.20"]
[SourceVersion "1"]
[SourceVersionDate "2014.11.20"]
[SourceQuality "1"]

1. g3 e5 2. Bg2 d5 3. b4 Bxb4 4. c4 Ne7 5. Qb3 Bd6 6. cxd5 0-0 7. Bb2 Nd7 8. e4 Nc5 9. Qc2 f5 10. d3 b6 11. d4 exd4 12. Bxd4 Nxe4 13. Bxe4 fxe4 14. Nc3 Bb4 15. Nge2 Qxd5 16. Rd1 Qf7 17. Qxe4 Bf5 18. Qf3 Qxa2 19. 0-0 Qf7 20. Qf4 Ng6 21. Qg5 c5 22. Be3 h6 23. Qh5 Rad8 24. Nb5 Qe6 25. Nc7 Qf7 26. Nb5 Bd3 27. Nxa7 Qxa7 28. Rxd3 Rxd3 29. Qxg6 Qd7 30. Nf4 Rd6 31. Qc2 Qf5 32. Qc4+ Qf7 33. Qc2 Rfd8 34. Qe2 Bd2 35. Rd1 Bxe3 36. Rxd6 Bxf2+ 37. Kxf2 Rxd6 38. Kg2 g5 39. Nh5 Qd5+ 40. Kh3 Qe6+ 0-1

[Event "Hamburg-ch Seniors 18th"]
[Site "Hamburg"]
[Date "2011.11.01"]
[Round "4"]
[White "Noakes, Guenther"]
[Black "Riedel, Siegfried"]
[Result "0-1"]
[WhiteElo "987"]
[BlackElo "1683"]
[PlyCount "52"]
[EventDate "2011.10.29"]
[EventType "swiss"]
[EventRounds "9"]
[EventCountry "GER"]
[SourceTitle "EXT 2015"]
[Source "ChessBase"]
[SourceDate "2014.11.20"]
[SourceVersion "1"]
[SourceVersionDate "2014.11.20"]
[SourceQuality "1"]

1. Nf3 d6 2. c4 g6 3. Qc2 Bg7 4. d4 Nd7 5. b3 e6 6. Bb2 Ne7 7. e4 b6 8. Nbd2 Bb7 9. Bd3 h6 10. 0-0 0-0 11. d5 e5 12. Rfe1 Kh7 13. Rac1 Bc8 14. Qb1 g5 15. h3 Ng6 16. g3 Nc5 17. b4 Nxd3 18. Qxd3 Bxh3 19. Kh2 Bd7 20. b5 g4 21. Ng1 f5 22. exf5 Bxf5 23. Qb3 Qg5 24. Ne4 Bxe4 25. Rxe4 Rxf2+ 26. Kh1 Qh5+ 0-1

[Event "Pinneberg op Seniors 12th"]
[Site "Pinneberg"]
[Date "2011.06.22"]
[Round "2"]
[White "Brueckner, Gerhard"]
[Black "Riedel, Siegfried"]
[Result "1-0"]
[WhiteElo "1767"]
[BlackElo "1481"]
[PlyCount "53"]
[EventDate "2011.06.16"]
[EventType "swiss"]
[EventRounds "7"]
[EventCountry "GER"]
[SourceTitle "EXT 2012"]
[Source "ChessBase"]
[SourceDate "2011.11.24"]
[SourceVersion "1"]
[SourceVersionDate "2011.11.24"]
[SourceQuality "1"]

1. e4 e6 2. d4 d5 3. e5 c5 4. c3 Qb6 5. Nf3 Nc6 6. Bd3 cxd4 7. 0-0 Bd7 8. cxd4 Nxd4 9. Nxd4 Qxd4 10. Nc3 a6 11. Be3 Qxe5 12. Re1 Qb8 13. Nxd5 Ne7 14. Nb6 Bc6 15. Nxa8 Qxa8 16. Qg4 g6 17. Bd4 Rg8 18. Rad1 Bd5 19. Bb6 Qc8 20. Rc1 Nc6 21. b4 Qd7 22. b5 axb5 23. Bxb5 h5 24. Qa4 Be7 25. Qa8+ Bd8 26. Bxd8 Qxd8 27. Qxb7 1-0

[Event "Hamburg CupT"]
[Site "Hamburg"]
[Date "2010.03.06"]
[Round "1.4"]
[White "Basteck, Reiner"]
[Black "Riedel, Siegfried"]
[Result "1/2-1/2"]
[WhiteElo "1666"]
[BlackElo "1515"]
[PlyCount "44"]
[EventDate "2010.03.06"]
[EventType "team-k.o."]
[EventRounds "4"]
[EventCountry "GER"]
[SourceTitle "EXT 2022"]
[Source "ChessBase"]
[SourceDate "2021.10.06"]
[SourceVersion "1"]
[SourceVersionDate "2021.10.06"]
[SourceQuality "1"]
[WhiteTeam "Hamburger SK II"]
[BlackTeam "Niendorf"]
[WhiteTeamCountry "GER"]
[BlackTeamCountry "GER"]

1. d4 g6 2. c4 Bg7 3. Nf3 d6 4. Nc3 Nd7 5. g3 e6 6. Bg2 Ne7 7. e4 a6 8. Be3 b6 9. 0-0 Bb7 10. Qc2 e5 11. dxe5 Nxe5 12. Nxe5 Bxe5 13. Rad1 f5 14. f4 Bg7 15. e5 Bxg2 16. Qxg2 Rb8 17. exd6 cxd6 18. Bd4 Bxd4+ 19. Rxd4 0-0 20. Rfd1 Nc8 21. Nd5 Rf7 22. b3 Qd7 1/2-1/2

[Event "Hamburg-ch Seniors op 16th"]
[Site "Hamburg"]
[Date "2009.11.05"]
[Round "6"]
[White "Klawitter, Bernd"]
[Black "Riedel, Siegfried"]
[Result "0-1"]
[WhiteElo "1414"]
[BlackElo "1547"]
[PlyCount "138"]
[EventDate "2009.10.31"]
[EventType "swiss"]
[EventRounds "9"]
[EventCountry "GER"]
[SourceTitle "EXT 2022"]
[Source "ChessBase"]
[SourceDate "2021.10.06"]
[SourceVersion "1"]
[SourceVersionDate "2021.10.06"]
[SourceQuality "1"]

1. e4 e6 2. d4 d5 3. e5 c5 4. Qg4 cxd4 5. Bd3 h6 6. Nf3 Nc6 7. 0-0 Nge7 8. Na3 a6 9. Bd2 Qb6 10. Rab1 Bd7 11. b4 Qc7 12. Rfe1 Na7 13. Nxd4 b5 14. c3 0-0-0 15. Nac2 Nec6 16. f4 g6 17. a4 Nb8 18. Qe2 Qb7 19. Kh1 bxa4 20. Na3 Be8 21. Rec1 Rd7 22. Ndc2 Rc7 23. b5 axb5 24. Nxb5 Bxb5 25. Bxb5 Nxb5 26. Rxb5 Qc6 27. Rcb1 Nd7 28. Ra5 Rb7 29. Rbb5 Rxb5 30. Rxb5 Qc4 31. Qxc4+ dxc4 32. Be3 Kc7 33. Ra5 a3 34. Nxa3 Bxa3 35. Rxa3 Rb8 36. h3 h5 37. Ra4 Nb6 38. Bxb6+ Rxb6 39. Rxc4+ Rc6 40. Ra4 Kb6 41. c4 Rc7 42. h4 Kc5 43. Kh2 Kd4 44. g3 Ke4 45. c5+ Kd5 46. Ra5 Kc4 47. c6 Kb4 48. Ra1 Kb5 49. Kh3 Kxc6 50. g4 Kd7 51. gxh5 gxh5 52. Rg1 Rc3+ 53. Kg2 Rc2+ 54. Kh3 Rc3+ 55. Kg2 Rc2+ 56. Kh3 Rc3+ 57. Rg3 Rxg3+ 58. Kxg3 Ke7 59. f5 exf5 60. Kf4 Ke6 61. Kg5 Kxe5 62. Kxh5 Kf6 63. Kh6 f4 64. h5 f3 65. Kh7 f2 66. h6 f1Q 67. Kg8 Qg2+ 68. Kh8 Qg6 69. h7 Qg7# 0-1

[Event "Pinneberg op Seniors 10th"]
[Site "Pinneberg"]
[Date "2009.06.25"]
[Round "1"]
[White "Schaefer, Hans"]
[Black "Riedel, Siegfried"]
[Result "1/2-1/2"]
[WhiteElo "1224"]
[BlackElo "1549"]
[PlyCount "105"]
[EventDate "2009.06.25"]
[EventType "swiss"]
[EventRounds "4"]
[EventCountry "GER"]
[SourceTitle "EXT 2011"]
[Source "ChessBase"]
[SourceDate "2010.11.26"]
[SourceVersion "1"]
[SourceVersionDate "2010.11.26"]
[SourceQuality "1"]

1. b3 e5 2. Bb2 d6 3. e3 Nc6 4. Bb5 Bd7 5. c4 a6 6. Bxc6 Bxc6 7. Nf3 Nf6 8. 0-0 Qe7 9. Nc3 g6 10. d4 Bg7 11. d5 Bd7 12. h3 h6 13. e4 Nh5 14. Bc1 f5 15. Nh2 0-0-0 16. a4 Qf7 17. g4 Nf6 18. f3 f4 19. b4 Qe8 20. c5 dxc5 21. bxc5 c6 22. d6 Be6 23. Rf2 Rd7 24. a5 Kb8 25. Na4 Rf7 26. Nb6 Nd7 27. Ba3 Bf6 28. Nxd7+ Rxd7 29. Rb2 Bh4 30. Qe2 Qf7 31. Bb4 Bc4 32. Qc2 Bb5 33. Be1 Bf6 34. g5 Bg7 35. h4 Qe6 36. Nf1 Kc8 37. Nd2 Kd8 38. Ra3 Ke8 39. Rc3 Kf8 40. Nc4 Kg8 41. Nb6 Rd8 42. Qb3 Kf7 43. Qxe6+ Kxe6 44. Rd2 Kf7 45. d7 Bf8 46. Rd6 Bxd6 47. cxd6 Ke6 48. Rc1 Rxd7 49. Bb4 Rxd6 50. Bxd6 Kxd6 51. Rd1+ Kc5 52. Nd7+ Kb4 53. Nxe5 1/2-1/2

[Event "Pinneberg op Seniors 08th"]
[Site "Pinneberg"]
[Date "2007.06.28"]
[Round "2"]
[White "Assmus, Edgar"]
[Black "Riedel, Siegfried"]
[Result "1-0"]
[WhiteElo "1695"]
[BlackElo "1548"]
[PlyCount "61"]
[EventDate "2007.06.21"]
[EventType "swiss"]
[EventRounds "5"]
[EventCountry "GER"]
[SourceTitle "EXT 2011"]
[Source "ChessBase"]
[SourceDate "2010.11.26"]
[SourceVersion "1"]
[SourceVersionDate "2010.11.26"]
[SourceQuality "1"]

1. e4 g6 2. d4 Bg7 3. c4 d6 4. Nc3 e6 5. f3 Nd7 6. Be3 Ne7 7. Bd3 b6 8. Qd2 h6 9. Nge2 Bb7 10. 0-0 a6 11. b4 e5 12. d5 f5 13. exf5 gxf5 14. g3 Nf6 15. Rac1 Qd7 16. a3 a5 17. Rb1 Kf7 18. Nd1 c5 19. Nf2 axb4 20. axb4 Ng6 21. Qc2 Bc8 22. Bd2 Re8 23. g4 e4 24. fxe4 fxe4 25. Nxe4 Rxe4 26. Bxe4 Qxg4+ 27. Ng3 Ne5 28. Rf4 Qh3 29. Bg2 Qd7 30. Rbf1 Ke7 31. Nf5+ 1-0

[Event "Pinneberg op Seniors 08th"]
[Site "Pinneberg"]
[Date "2007.06.21"]
[Round "1"]
[White "Riedel, Siegfried"]
[Black "Von Hohenthal, Ludwig"]
[Result "1-0"]
[WhiteElo "1548"]
[BlackElo "1242"]
[PlyCount "55"]
[EventDate "2007.06.21"]
[EventType "swiss"]
[EventRounds "5"]
[EventCountry "GER"]
[SourceTitle "EXT 2011"]
[Source "ChessBase"]
[SourceDate "2010.11.26"]
[SourceVersion "1"]
[SourceVersionDate "2010.11.26"]
[SourceQuality "1"]

1. g3 d5 2. Bg2 e6 3. d3 h6 4. b3 Be7 5. Nd2 Nc6 6. e3 Nf6 7. a3 0-0 8. h3 Nh7 9. Bb2 Bf6 10. d4 a6 11. c4 Na7 12. Qc2 c6 13. Ne2 Re8 14. Nf3 Rb8 15. h4 Be7 16. Nf4 Nf6 17. Ne5 Ne4 18. Bxe4 dxe4 19. Qxe4 Bf6 20. Ng4 Be7 21. Qc2 b5 22. c5 b4 23. a4 a5 24. Rd1 Bb7 25. Qe4 Bf6 26. Nh5 Be7 27. Qe5 Qd5 28. Qxg7# 1-0

[Event "Hamburg-ch Seniors op 13th"]
[Site "Hamburg"]
[Date "2006.10.31"]
[Round "5"]
[White "Kock, Rudolf"]
[Black "Riedel, Siegfried"]
[Result "1-0"]
[WhiteElo "1380"]
[BlackElo "1500"]
[PlyCount "76"]
[EventDate "2006.10.27"]
[EventType "swiss"]
[EventRounds "9"]
[EventCountry "GER"]
[SourceTitle "EXT 2022"]
[Source "ChessBase"]
[SourceDate "2021.10.06"]
[SourceVersion "1"]
[SourceVersionDate "2021.10.06"]
[SourceQuality "1"]

1. f4 g6 2. Nf3 Bg7 3. e3 d6 4. d4 Nd7 5. Bd2 e6 6. Bc3 Ne7 7. Bd3 Nd5 8. Bd2 h6 9. c4 Ne7 10. Qc2 a6 11. Bc3 d5 12. c5 b6 13. b4 Bb7 14. 0-0 Nf6 15. b5 axb5 16. cxb6 c6 17. a4 Qxb6 18. Nbd2 0-0 19. a5 Qc7 20. Bb4 Rfc8 21. Nb3 Nf5 22. Bxf5 gxf5 23. Nc5 Ba6 24. h3 Nd7 25. Rfc1 Nxc5 26. Qxc5 Bf8 27. Qc3 Bxb4 28. Qxb4 Bb7 29. Nd2 Ra7 30. Nb3 Ba8 31. Rc2 Qe7 32. Nc5 Kh7 33. a6 f6 34. Raa2 e5 35. fxe5 fxe5 36. Rf2 Rf8 37. dxe5 Qg7 38. Ne6 c5 1-0

[Event "Hamburg-ch Seniors op 13th"]
[Site "Hamburg"]
[Date "2006.10.29"]
[Round "3"]
[White "Hermann, Armin"]
[Black "Riedel, Siegfried"]
[Result "1-0"]
[WhiteElo "1550"]
[BlackElo "1500"]
[PlyCount "87"]
[EventDate "2006.10.27"]
[EventType "swiss"]
[EventRounds "9"]
[EventCountry "GER"]
[SourceTitle "EXT 2022"]
[Source "ChessBase"]
[SourceDate "2021.10.06"]
[SourceVersion "1"]
[SourceVersionDate "2021.10.06"]
[SourceQuality "1"]

1. Nf3 g6 2. d4 Bg7 3. c4 d6 4. e3 Nd7 5. Nc3 e6 6. Be2 Ne7 7. 0-0 h6 8. Bd2 a6 9. Rc1 b6 10. Re1 0-0 11. Qc2 Bb7 12. b4 c5 13. dxc5 dxc5 14. a3 Qc7 15. Rb1 Nf6 16. bxc5 bxc5 17. e4 Rab8 18. g3 g5 19. Be3 Ng6 20. Red1 g4 21. Ne1 h5 22. Bf1 h4 23. Bg2 h3 24. Bh1 Ne5 25. Na4 Ned7 26. Bf4 e5 27. Be3 Rfc8 28. f4 Nh5 29. f5 Nhf6 30. Bg5 Nh7 31. Be3 Bf8 32. Rxd7 Qxd7 33. Nb6 Qc6 34. Nxc8 Rxc8 35. Qb2 Rc7 36. Qxe5 Bd6 37. Qb2 f6 38. Qe2 Rg7 39. Qd2 Ng5 40. Bxg5 fxg5 41. f6 Rg6 42. Rxb7 Qxb7 43. Qxd6 Qf7 44. e5 1-0

[Event "Pinneberg op Seniors 06th"]
[Site "Pinneberg"]
[Date "2005.07.25"]
[Round "5"]
[White "Berking, Bernhard"]
[Black "Riedel, Siegfried"]
[Result "1-0"]
[WhiteElo "1546"]
[BlackElo "1625"]
[PlyCount "121"]
[EventDate "2005.07.25"]
[EventType "swiss"]
[EventRounds "5"]
[EventCountry "GER"]
[SourceTitle "EXT 2011"]
[Source "ChessBase"]
[SourceDate "2010.11.26"]
[SourceVersion "1"]
[SourceVersionDate "2010.11.26"]
[SourceQuality "1"]

1. c4 g6 2. Nc3 Bg7 3. g3 d6 4. Bg2 Nd7 5. e3 e6 6. Nge2 Ne7 7. 0-0 a6 8. b3 Rb8 9. Bb2 0-0 10. d4 b6 11. Qc2 Bb7 12. e4 e5 13. d5 f5 14. f4 Bc8 15. Rad1 Nf6 16. fxe5 dxe5 17. exf5 gxf5 18. Rd2 Ne8 19. Nd1 Ng6 20. Ba3 Nd6 21. c5 bxc5 22. Qxc5 Rb5 23. Qe3 Re8 24. Ndc3 Rb7 25. Bb2 f4 26. Qd3 e4 27. Nxe4 Bxb2 28. Rxb2 Bf5 29. N2c3 Rb6 30. Qd4 Rf8 31. Nxd6 Rxd6 32. gxf4 Qh4 33. Qf2 Qh6 34. Rd2 Nh4 35. Qg3+ Rg6 36. Qe3 Qg7 37. Rff2 h5 38. Ne4 Re8 39. Nf6+ Qxf6 40. Qxe8+ Kh7 41. Qe5 Rxg2+ 42. Kh1 Qxe5 43. fxe5 Rxf2 44. Rxf2 Be4+ 45. Kg1 Bxd5 46. Kf1 Ng6 47. Ke2 Kg7 48. Ke3 c6 49. Kd4 Nf8 50. Kc5 Ne6+ 51. Kb6 Kg6 52. Kxa6 Kg5 53. Kb6 h4 54. b4 h3 55. a4 Nf4 56. a5 Nd3 57. Re2 Kf5 58. a6 Nxb4 59. a7 c5 60. Kxc5 Ba8 61. Kxb4 1-0

[Event "Pinneberg op Seniors 06th"]
[Site "Pinneberg"]
[Date "2005.07.25"]
[Round "3"]
[White "Moeller, Peter1111"]
[Black "Riedel, Siegfried"]
[Result "1/2-1/2"]
[WhiteElo "1472"]
[BlackElo "1625"]
[PlyCount "113"]
[EventDate "2005.07.25"]
[EventType "swiss"]
[EventRounds "5"]
[EventCountry "GER"]
[SourceTitle "EXT 2011"]
[Source "ChessBase"]
[SourceDate "2010.11.26"]
[SourceVersion "1"]
[SourceVersionDate "2010.11.26"]
[SourceQuality "1"]

1. e4 g6 2. Nf3 Bg7 3. d4 d6 4. Bc4 e6 5. 0-0 Nd7 6. c3 Ne7 7. Be3 a6 8. Ng5 Nf6 9. Nd2 h6 10. Ngf3 b6 11. e5 Ng4 12. Bf4 g5 13. Bg3 Nf5 14. Qe2 Nxg3 15. fxg3 b5 16. Qe4 Nxh2 17. Qxa8 Nxf1 18. Bxf1 0-0 19. Qe4 d5 20. Qe3 c5 21. Nb3 c4 22. Nbd2 Qb6 23. b4 Bd7 24. Be2 a5 25. bxa5 Qxa5 26. Nf1 Ra8 27. Qd2 Bf8 28. Ne3 b4 29. cxb4 Bxb4 30. Qc2 Ba4 31. Qc1 Bd2 32. Qa3 Bb4 33. Qc1 Bc3 34. Rb1 Bc6 35. Nd1 Bb4 36. Bxc4 Ba3 37. Qc2 dxc4 38. Qxc4 Bd5 39. Qc2 Bf8 40. Ne3 Qxa2 41. Rb2 Qa1+ 42. Rb1 Qa5 43. Ng4 Bg7 44. Rc1 Bxf3 45. gxf3 Qd5 46. Qd3 Rd8 47. Rd1 h5 48. Nf2 g4 49. fxg4 hxg4 50. Nxg4 Ra8 51. Qe3 Ra2 52. Nf2 f6 53. exf6 Bxf6 54. Qe4 Qb3 55. Qg4+ Bg7 56. Kg2 Qe3 57. Qf4 1/2-1/2

[Event "Pinneberg-ch"]
[Site "Pinneberg"]
[Date "2004.09.09"]
[Round "5"]
[White "Assmus, Edgar"]
[Black "Riedel, Siegfried"]
[Result "1/2-1/2"]
[WhiteElo "1732"]
[BlackElo "1600"]
[PlyCount "76"]
[EventDate "2004.08.12"]
[EventType "swiss"]
[EventRounds "7"]
[EventCountry "GER"]
[SourceTitle "EXT 2005"]
[Source "ChessBase"]
[SourceDate "2004.11.15"]
[SourceVersion "1"]
[SourceVersionDate "2004.11.15"]
[SourceQuality "1"]

1. b3 e5 2. Bb2 d6 3. e4 Nf6 4. d3 Nc6 5. g3 Be7 6. Bg2 0-0 7. Ne2 Ng4 8. h3 Nh6 9. Nbc3 Be6 10. Qd2 f5 11. f4 Qd7 12. 0-0-0 Nd8 13. Kb1 c6 14. d4 Qc7 15. d5 Bf7 16. fxe5 Bg6 17. e6 Bf6 18. Nf4 Bg5 19. h4 Bxf4 20. gxf4 Bh5 21. Rde1 Qe7 22. e5 Re8 23. exd6 Qxd6 24. Rhg1 Nxe6 25. Qf2 Nxf4 26. Rxe8+ Bxe8 27. Bc1 Nxg2 28. Qxg2 Ng4 29. Qf3 g6 30. Bf4 Qc5 31. Re1 cxd5 32. Qxd5+ Qxd5 33. Nxd5 Bc6 34. Ne7+ Kf7 35. Nxc6 bxc6 36. Rd1 Re8 37. Rd6 Re6 38. Rd7+ Re7 1/2-1/2

[Event "Pinneberg-ch"]
[Site "Pinneberg"]
[Date "2004.09.02"]
[Round "4"]
[White "Riedel, Siegfried"]
[Black "Vinck, Arne"]
[Result "1/2-1/2"]
[WhiteElo "1600"]
[BlackElo "1673"]
[PlyCount "119"]
[EventDate "2004.08.12"]
[EventType "swiss"]
[EventRounds "7"]
[EventCountry "GER"]
[SourceTitle "EXT 2005"]
[Source "ChessBase"]
[SourceDate "2004.11.15"]
[SourceVersion "1"]
[SourceVersionDate "2004.11.15"]
[SourceQuality "1"]

1. e4 e6 2. d4 d5 3. Nc3 dxe4 4. Nxe4 Nd7 5. Bd3 Ngf6 6. Bg5 Be7 7. Nxf6+ Nxf6 8. Nf3 0-0 9. Qe2 c5 10. dxc5 Qa5+ 11. Bd2 Qxc5 12. 0-0 Bd6 13. h3 Bd7 14. Bc3 Nd5 15. Qe4 f5 16. Qc4 Qxc4 17. Bxc4 Nxc3 18. bxc3 Rac8 19. Bb3 Kf7 20. Rad1 Ke7 21. Rfe1 h6 22. Nd4 e5 23. c4 Rc5 24. Re2 Rd8 25. a4 Bb8 26. Nb5 Be6 27. Rxd8 Kxd8 28. Rd2+ Ke7 29. Na3 Rc6 30. Kf1 Rd6 31. Rxd6 Bxd6 32. Nb5 Bc5 33. Nc7 Bd7 34. Nd5+ Kd6 35. Ke2 Kc6 36. f3 Kd6 37. Kf1 Ke6 38. Ke2 Kf7 39. c3 Kg6 40. Bc2 Kg5 41. Ne3 Bxe3 42. Kxe3 Kf6 43. c5 Be6 44. Kd3 Bd5 45. Ke3 Bc4 46. a5 Ke6 47. g4 g6 48. h4 fxg4 49. fxg4 g5 50. hxg5 hxg5 51. Bf5+ Kd5 52. Be4+ Kxc5 53. Bxb7 Be6 54. Bf3 Kc4 55. Be2+ Kxc3 56. Ke4 Kb4 57. a6 Ka5 58. Kxe5 Bxg4 59. Bxg4 Kxa6 60. Kf6 1/2-1/2